Impacto del ajuste estructural sobre la mujer trabajadora en Costa Rica /
Furkejuvvon:
| Váldodahkki: | |
|---|---|
| Materiálatiipa: | Girji |
| Giella: | Spanish |
| Almmustuhtton: |
San José, Costa Rica
Universidad Nacional. Maestría en Política Económica para Centroamérica y El Caribe
|
| Ráidu: | Cuadernos de Política Económica
|
| Fáttát: | |
| Fáddágilkorat: |
Lasit fáddágilkoriid
Eai fáddágilkorat, Lasit vuosttaš fáddágilkora!
|
MARC
| LEADER | 00000nam a22000007a 4500 | ||
|---|---|---|---|
| 003 | cru CIDCACS/IIS | ||
| 005 | 20220420111818.0 | ||
| 008 | 171123b1991 cr d||||||||| 00||||spa d | ||
| 040 | |c cru CIDCACS/IIS | ||
| 090 | |a 00.00.00 Dxxxi | ||
| 100 | 1 | |9 41 |a Dierckxsens, Wim | |
| 245 | 1 | 0 | |a Impacto del ajuste estructural sobre la mujer trabajadora en Costa Rica / |c Wim Dierckxsens |
| 260 | |a San José, Costa Rica |b Universidad Nacional. Maestría en Política Económica para Centroamérica y El Caribe | ||
| 300 | |a 59 páginas | ||
| 440 | 0 | |9 6105 |a Cuadernos de Política Económica |n no.8 | |
| 500 | |a Colección Alforja | ||
| 650 | 4 | |9 4425 |a AJUSTE ESTRUCTURAL | |
| 650 | 1 | 0 | |9 88 |a MUJERES |
| 650 | 1 | 0 | |9 287 |a MERCADO DE TRABAJO |
| 650 | 1 | 0 | |9 2465 |a POLÍTICA SALARIAL |
| 650 | 1 | 0 | |9 2434 |a SALARIOS |
| 650 | 1 | 0 | |9 2107 |a GASTOS SOCIALES |
| 650 | 1 | 0 | |9 630 |a SEGURIDAD ALIMENTARIA |
| 650 | 1 | 0 | |a TRABAJO DOMESTICO |9 1438 |
| 942 | |2 ddc |c LI | ||
| 999 | |c 40661 |d 40661 | ||
